| 000 | 00392nam a2200145 i 4500 | ||
|---|---|---|---|
| 001 | 82407 | ||
| 003 | ES-MaACL | ||
| 005 | 20230906174652.0 | ||
| 007 | t| | ||
| 008 | 041110m19571958sp ||||1| spa d | ||
| 245 | 0 | 0 | _aInformación legislativa de Hacienda. |
| 260 |
_aMadrid : _b[s.n.], _c1957-1958 ( _fGráficas Solís) |
||
| 300 |
_a28 p. ; _c25 cm. |
||
| 852 |
_aES-MaACL _j2049-F-27 _bR.41216 |
||
| 999 |
_c82407 _d82407 |
||